Countries by Unofficial Majority Language - Statistics

General Stats
  • This quiz has been taken 92 times
  • The average score is 9 of 12
Answer Stats
Hint Answer % Correct
English Albania | Australia | Austria | Bahrain | Belgium | Croatia | Cuba | Cyprus | Czech Republic | Denmark | Estonia | Finland | Germany | Greece | Iceland | Iran | Israel | Luxembourg | Malaysia | Maldives | Netherlands | New Zealand | Norway | Oman | Poland | Qatar | Saudi Arabia | Serbia | Slovenia | South Korea | Suriname | Sweden | Switzerland | Taiwan | United Arab Emirates | United Kingdom | United States | Vietnam
98%
Japanese Japan
88%
Spanish Andorra | Argentina | Belize | Chile | Mexico | Uruguay
86%
Russian Armenia | Estonia | Latvia | Lithuania | Moldova | Ukraine
83%
Serbo-Croatian Bosnia and Herzegovina | Slovenia
83%
French Algeria | Andorra | Mauritius | Saint Lucia | Tunisia
73%
Somali Djibouti
73%
Jamaican Patois Jamaica
71%
Italian Malta
65%
Tigrinya Eritrea
64%
Malay East Timor
60%
Hausa Niger
60%
No matching quizzes found
Score Distribution
Percent of People with Each Score
Percentile by Number Answered
Your Score History
You have not taken this quiz